Herramienta de identificación y control PID en sysquake
保存先:
| 第一著者: | |
|---|---|
| フォーマット: | 図書 |
| 出版事項: |
[San José, Costa Rica]
2004
|
| 主題: | |
| タグ: |
タグ追加
タグなし, このレコードへの初めてのタグを付けませんか!
|
MARC
| LEADER | 00000nam a2200000Ia 4500 | ||
|---|---|---|---|
| 003 | 009426 | ||
| 005 | 20221231144134.0 | ||
| 008 | 140114s2004 cr a m 000 ||s d | ||
| 040 | |c cru CEDI | ||
| 090 | |a TFG 4969 | ||
| 100 | |a Rodríguez Granados, Johan |9 6259 | ||
| 245 | |a Herramienta de identificación y control PID en sysquake | ||
| 260 | |c 2004 |a [San José, Costa Rica] | ||
| 300 | |a x, 1 volumen ( en varias paginaciones) : ilustraciones | ||
| 500 | |a Proyecto de graduación (bachillerato en ingeniería eléctrica)--Universidad de Costa Rica. Facultad de Ingeniería. Escuela de Ingeniería Eléctrica | ||
| 650 | |x CONTROLADORES PID |x SYSQUAKE (ARCHIVO PARA COMPUTADORA) |9 6260 | ||
| 942 | |c TFG | ||
| 999 | |c 17452 |d 17452 | ||
